000 00406nam a2200169Ia 4500
008 230711s9999||||xx |||||||||||||| ||und||
020 _a978-81-775-8827-9
041 _aENG
082 _a621.382
_bBU-M
100 _aBuford,John F.Koegel
245 0 _aMultimedia systems
250 _a13th Ed.
260 _c2013
_aNew Delhi
_bPearson
300 _a462p.
650 _aComputer Engineering
942 _cBK
999 _c6371
_d6371